000 00362nam a2200145Ia 4500
005 20250424070539.0
008 240331s9999 xx 000 0 und d
082 _a301
_bGna
100 _aGnanie
245 0 _aTamilakattil panpattu nerukkatikal
260 _aKovai
_bNikal Veliyidu
_c1994
300 _a244 p .,
500 _aPuthiya Kalaniyiyachulil
942 _cL
999 _c1032
_d1032